000 00679 a2200217 4500
005 20180312142526.0
008 140918s1946 sp ||||gr|||| 00| j spa d
020 _a[sin ISBN]
040 _aCO-BoUCM
_bspa
_cJose A. Gerena
_dJose A. Gerena
041 1 _aspa
100 1 _aChaucer, Geoffrey
_964568
245 _aCuentos de canterbury
_cGeoffrey Chaucer
260 _c1946
_aBarcelona (España)
_bIberia
300 _a246 páginas
490 _aObras maestras
650 7 _aLiteratura inglesa
_918689
650 7 _912291
_aCuentos ingleses
690 _942863
_aLiteratura europea
942 _2DEWEY
_a18
_cLIBRO
_e1
_h828
_mC496ibe
_n0
999 _c240914
_d240914